[Event "Indywidualne Mistrzostwa Polski do lat 20"]
[Site "Pokrzywna"]
[Date "1899-12-30"]
[Round "1.1"]
[White "Janik, Igor"]
[Black "Kazmierowski, Tymon"]
[Result "1-0"]
[WhiteTitle "IM"]
[BlackTitle "I+"]
[WhiteElo "2489"]
[BlackElo "1996"]

1. d4 Nf6 2. Nf3 e6 3. g3 b6 4. Bg2 Bb7 5. O-O Be7 6. c4 O-O 7. Nc3 Ne4 8. Bd2
d6 9. d5 Nxc3 10. Bxc3 e5 11. e4 a5 12. Ne1 Nd7 13. Nd3 g6 14. f4 Bf6 15. Qc2
Re8 16. Bh3 Bg7 17. Rf3 exf4 18. Bxg7 Kxg7 19. Bxd7 Qxd7 20. Qc3+ Kg8 21. Rxf4
Re7 22. Nf2 h5 23. g4 Re5 24. gxh5 Rxh5 25. Ng4 Rg5 26. Qg3 Rxg4 27. Qxg4 Qe7
28. Raf1 Rf8 29. Qh4 Qe5 30. Qf6 Qxf6 31. Rxf6 Kg7 32. R6f4 Bc8 33. h4 Bd7 34.
Kf2 Rh8 35. Ke3 Be8 36. Kd4 Rh5 37. b3 Re5 38. a3 Re7 39. b4 a4 40. c5 b5 41.
Re1 Re5 42. Rc1 g5 43. Rf5 Rxf5 44. exf5 gxh4 45. c6 Kf6 46. Re1 1-0

[Event "Indywidualne Mistrzostwa Polski do lat 20"]
[Site "Pokrzywna"]
[Date "1899-12-30"]
[Round "1.2"]
[White "Meers, Hubert"]
[Black "Teclaf, Pawel"]
[Result "0-1"]
[WhiteTitle "k"]
[BlackTitle "IM"]
[WhiteElo "1986"]
[BlackElo "2477"]

1. e4 c5 2. Nf3 e6 3. d4 cxd4 4. Nxd4 a6 5. Bd3 Nf6 6. O-O d6 7. Nd2 g6 8. N2f3
Bg7 9. c3 Nbd7 10. Qe2 Qc7 11. a4 O-O 12. Nb3 b6 13. Bf4 Bb7 14. Rad1 Bc6 15.
Ra1 Rfe8 16. Nfd2 Bb7 17. f3 Nh5 18. Be3 d5 19. f4 e5 20. f5 Nf4 21. Bxf4 exf4
22. fxg6 hxg6 23. Qf3 f5 24. Qxf4 Qxf4 25. Rxf4 Ne5 26. Be2 dxe4 27. Nc4 Bd5 28.
Nbd2 Bh6 29. Rff1 Nd3 30. Bxd3 exd3 31. Rfe1 Re2 32. Rxe2 dxe2 33. Kf2 Re8 34.
Re1 b5 35. axb5 axb5 36. Nd6 Rd8 37. Nxb5 Bxd2 38. Rxe2 Bc4 39. Re5 Bc1 40. Nd4
Bxb2 41. Nxf5 Rf8 42. g4 Bxc3 43. Re4 Bd3 44. Rf4 gxf5 45. gxf5 Be5 46. Rg4+ Kf7
0-1

[Event "Indywidualne Mistrzostwa Polski do lat 20"]
[Site "Pokrzywna"]
[Date "1899-12-30"]
[Round "1.3"]
[White "Szpar, Milosz"]
[Black "Panek, Bartosz"]
[Result "1-0"]
[WhiteTitle "FM"]
[BlackTitle "I+"]
[WhiteElo "2449"]
[BlackElo "1981"]

1. e4 c5 2. Nf3 Nc6 3. Bb5 e6 4. Bxc6 bxc6 5. O-O d5 6. Re1 Nf6 7. Nc3 Be7 8. d3
O-O 9. Bf4 Nh5 10. Bd2 Nf6 11. Na4 Ba6 12. b3 Nd7 13. c4 Nb6 14. Nb2 Qc7 15. Qc2
Rad8 16. Ba5 Bf6 17. Rab1 Bxb2 18. Qxb2 Rc8 19. Qa3 dxe4 20. dxe4 Qe7 21. Bd2
Bb7 22. Be3 Nd7 23. Qxa7 Rc7 24. Qa5 Rcc8 25. e5 Ra8 26. Qd2 Rfd8 27. Qb2 Ra7
28. Rbd1 Rda8 29. a4 Ba6 30. Rd6 Rb7 31. Nd2 Bxc4 32. Nxc4 Rxa4 33. Qd2 1-0

[Event "Indywidualne Mistrzostwa Polski do lat 20"]
[Site "Pokrzywna"]
[Date "1899-12-30"]
[Round "1.4"]
[White "Janeczko, Jakub"]
[Black "Kosakowski, Jakub"]
[Result "0-1"]
[WhiteTitle "I++"]
[BlackTitle "IM"]
[WhiteElo "1980"]
[BlackElo "2431"]

1. e4 c5 2. Nf3 e6 3. c3 Qa5 4. Qe2 Nc6 5. g3 g6 6. Bg2 Bg7 7. O-O Nge7 8. d3 d6
9. Na3 O-O 10. Bd2 Qa6 11. Rfe1 b5 12. Nc2 e5 13. d4 exd4 14. cxd4 cxd4 15. Bf4
Rd8 16. Rad1 Bg4 17. a3 Rac8 18. h3 Bxf3 19. Bxf3 Qa4 20. Bg4 Rc7 21. Qd3 Ne5
22. Bxe5 dxe5 23. Ne3 Qa5 24. f4 Qb6 25. Rf1 Rf8 26. Ng2 exf4 27. gxf4 Rc2 28.
Rf2 Rxf2 29. Kxf2 f5 30. Bf3 fxe4 31. Qxe4 Nf5 32. Qc6 Qb8 33. Kg1 Kh8 0-1

[Event "Indywidualne Mistrzostwa Polski do lat 20"]
[Site "Pokrzywna"]
[Date "1899-12-30"]
[Round "1.5"]
[White "Pacan-milej, Kosma"]
[Black "Kaliszuk, Kamil"]
[Result "1-0"]
[WhiteTitle "FM"]
[BlackTitle "I+"]
[WhiteElo "2423"]
[BlackElo "1961"]

1. d4 d5 2. c4 c6 3. Nf3 Nf6 4. Qb3 dxc4 5. Qxc4 Bf5 6. g3 e6 7. Bg2 Be7 8. O-O
O-O 9. Nc3 Nbd7 10. e3 Bg6 11. Qe2 b5 12. b3 Rc8 13. Bb2 a5 14. a3 Qb6 15. Rfd1
Rfd8 16. Rac1 Ne4 17. Nh4 Bxh4 18. Nxe4 Be7 19. h4 f6 20. h5 Bf7 21. h6 g6 22.
Qc2 Qb8 23. a4 e5 24. dxe5 Nxe5 25. axb5 cxb5 26. Rxd8+ Rxd8 27. Bd4 Be6 28. Bc5
Rc8 29. Qd2 Qc7 30. Ba3 Nc4 31. bxc4 Bxa3 32. Rd1 bxc4 33. Nxf6+ Kf7 34. Nd5 Qe5
35. Qxa5 Bf8 36. Qa7+ Ke8 37. f4 Bc5 38. Qa4+ Bd7 39. Nf6+ 1-0

[Event "Indywidualne Mistrzostwa Polski do lat 20"]
[Site "Pokrzywna"]
[Date "1899-12-30"]
[Round "1.6"]
[White "Bojczewski, Mateusz"]
[Black "Fus, Jakub"]
[Result "0-1"]
[WhiteTitle "I+"]
[BlackTitle "FM"]
[WhiteElo "1960"]
[BlackElo "2401"]

1. e4 c5 2. Nf3 e6 3. d4 cxd4 4. Nxd4 a6 5. Nc3 Qc7 6. a3 Nf6 7. Be3 b5 8. f3 Bb7
9. Qd2 d5 10. exd5 Nxd5 11. Nxd5 Bxd5 12. a4 b4 13. c3 bxc3 14. Qxc3 Qb7 15. Nc2
Nc6 16. Bd3 Rc8 17. Qd2 Nb4 18. Bd4 Bxf3 19. O-O Nxc2 20. Bxc2 Bxg2 21. Rf2 Bd5
22. Raf1 f6 0-1

[Event "Indywidualne Mistrzostwa Polski do lat 20"]
[Site "Pokrzywna"]
[Date "1899-12-30"]
[Round "1.7"]
[White "Kozak, Antoni"]
[Black "Budzisz, Adrian"]
[Result "1-0"]
[WhiteTitle "m"]
[BlackTitle "I+"]
[WhiteElo "2375"]
[BlackElo "1955"]

1. d4 Nf6 2. Nf3 e6 3. e3 b6 4. Bd3 Bb7 5. Nbd2 d6 6. e4 c5 7. e5 dxe5 8. dxe5
Nd5 9. Be4 Nc6 10. O-O Be7 11. Re1 O-O 12. Nf1 b5 13. c3 Qc7 14. Bb1 g6 15. Bh6
Rfd8 16. Qc1 Nb6 17. Ng3 Nc4 18. Bf4 Rd7 19. b3 Nb6 20. Ne4 Nd5 21. Bg3 Qd8 22.
Qh6 Qf8 23. Qh3 c4 24. Nfg5 Qg7 25. Nxe6 Qh8 26. N6c5 Rc7 27. e6 Ne5 28. exf7+
1-0

[Event "Indywidualne Mistrzostwa Polski do lat 20"]
[Site "Pokrzywna"]
[Date "1899-12-30"]
[Round "1.8"]
[White "Dzwierzynski, Bartosz"]
[Black "Psyk, Radoslaw"]
[Result "0-1"]
[WhiteTitle "I"]
[BlackTitle "k++"]
[WhiteElo "1939"]
[BlackElo "2375"]

1. d4 Nf6 2. c4 g6 3. Nc3 d5 4. cxd5 Nxd5 5. Bd2 Bg7 6. e4 Nb6 7. Be3 O-O 8. h3
f5 9. exf5 Bxf5 10. Qb3+ Kh8 11. g4 Bc8 12. Rd1 Nc6 13. d5 Ne5 14. f4 Nf7 15.
Nf3 e5 16. Be2 exf4 17. Bxf4 Nd6 18. Bg3 Nbc4 19. Bxd6 Nxd6 20. O-O Bd7 21. Nb5
Bxb5 22. Bxb5 Qf6 23. Bd7 Qf4 24. Kg2 Nc4 25. Rde1 Nd2 26. Nxd2 Qxd2+ 27. Kh1
Be5 0-1

[Event "Indywidualne Mistrzostwa Polski do lat 20"]
[Site "Pokrzywna"]
[Date "1899-12-30"]
[Round "1.9"]
[White "Czernek, Tymon"]
[Black "Zabron, Maksym"]
[Result "1-0"]
[WhiteTitle "FM"]
[BlackTitle "I++"]
[WhiteElo "2359"]
[BlackElo "1932"]

1. e4 c5 2. Nf3 e6 3. d4 cxd4 4. Nxd4 Nc6 5. Nc3 Qc7 6. Be2 a6 7. O-O Nf6 8. a3
Nxd4 9. Qxd4 Bc5 10. Qd3 h6 11. Kh1 O-O 12. f4 b5 13. e5 Ne8 14. f5 Qxe5 15. Bf4
Qd4 16. Qg3 exf5 17. Rad1 Qf6 18. b4 Ba7 19. Nd5 Qe6 20. Bf3 Kh7 21. Rfe1 Qg6
22. Qh3 Bb7 23. Ne7 Qb6 24. Bxb7 Qxb7 25. Qxf5+ g6 26. Nxg6 fxg6 27. Qxf8 Ng7
28. Qf7 Qc8 29. Be5 Qf8 30. Rxd7 Qxf7 31. Rxf7 1-0

[Event "Indywidualne Mistrzostwa Polski do lat 20"]
[Site "Pokrzywna"]
[Date "1899-12-30"]
[Round "1.10"]
[White "Dziewonski, Dariusz"]
[Black "Mis, Mieszko"]
[Result "1/2-1/2"]
[WhiteTitle "I++"]
[BlackTitle "FM"]
[WhiteElo "1925"]
[BlackElo "2358"]

1. e4 c6 2. d4 d5 3. Nc3 a6 4. a4 g6 5. e5 Bg7 6. f4 h5 7. Nf3 Nh6 8. Bd3 Bf5 9.
O-O e6 10. b4 a5 11. b5 Nd7 12. Ba3 Bf8 13. Bxf8 Kxf8 14. bxc6 bxc6 15. Qd2 Kg7
16. Rfb1 Qc7 17. Nd1 Rab8 18. Ne3 Bxd3 19. Qxd3 Ng4 20. h3 Nxe3 21. Qxe3 c5 22.
c3 Rhc8 23. Qd3 cxd4 24. cxd4 Qc4 25. Rxb8 Qxd3 26. Rxc8 Qe3+ 27. Kh1 Qxf4 28.
Rd8 Nf8 29. h4 Nh7 30. Rb1 g5 31. hxg5 Nxg5 32. Rbb8 Nxf3 33. Rg8+ Kh7 34. gxf3
Qxf3+ 35. Rg2 Qd1+ 36. Rg1 Qxd4 37. Rb7 Qe4+ 38. Rg2 Qh4+ 39. Rh2 Qe1+ 40. Kg2
Kg6 41. Rh3 Qe2+ 42. Kg1 Qxe5 43. Rbb3 Qa1+ 44. Kh2 h4 45. Ra3 Qb2+ 46. Kh1 d4
47. Raf3 e5 48. Rxh4 e4 49. Rg4+ Kh5 50. Rfg3 Qc1+ 51. Rg1 d3 52. Rg7 Qxg1+ 53.
Rxg1 e3 54. Kg2 Kg4 55. Kf1+ Kf3 56. Ke1 f5 57. Rg8 f4 58. Rf8 Ke4 59. Re8+ Kd4
60. Rd8+ Ke4 61. Re8+ Kf5 62. Rf8+ Ke4 63. Re8+ 1/2-1/2

[Event "Indywidualne Mistrzostwa Polski do lat 20"]
[Site "Pokrzywna"]
[Date "1899-12-30"]
[Round "1.11"]
[White "Kowalski, Igor"]
[Black "Kozlowski, Pawel"]
[Result "1-0"]
[WhiteTitle "FM"]
[BlackTitle "I++"]
[WhiteElo "2355"]
[BlackElo "1924"]

1. d4 e6 2. g3 f5 3. Bg2 Nf6 4. Nh3 d5 5. O-O Bd6 6. c4 c6 7. Qc2 O-O 8. Nc3 b6
9. cxd5 exd5 10. Bf4 Na6 11. Rac1 Bxf4 12. Nxf4 Qd6 13. Rfd1 Nc7 14. Nd3 Ne6 15.
e3 Bb7 16. Ne2 Rac8 17. Ne5 Ng4 18. Nf3 g6 19. Nf4 Kg7 20. Qa4 Nxf4 21. exf4 a5
22. Qb3 b5 23. Qc3 Ra8 24. Qc5 Qxc5 25. Rxc5 Rfc8 26. Rdc1 Nf6 27. Ne5 Ra6 28.
h3 Kf8 29. Bf1 Rb6 30. Re1 Rc7 31. Rec1 Rc8 32. f3 a4 33. R5c2 Rc7 34. Re1 Ba8
35. Nd3 Rb8 36. Nb4 Rcc8 37. g4 Kf7 38. Kf2 Rb6 39. gxf5 gxf5 40. Re5 Rg8 41.
Rxf5 Re8 42. Bd3 h6 43. Rc1 Re6 44. Re5 Nd7 45. Bf5 Nxe5 46. Bxe6+ Kxe6 47. fxe5
Rb8 48. Nd3 Bb7 49. Nc5+ Kf5 50. Nxb7 Rxb7 51. Rxc6 b4 52. h4 1-0

[Event "Indywidualne Mistrzostwa Polski do lat 20"]
[Site "Pokrzywna"]
[Date "1899-12-30"]
[Round "1.12"]
[White "Klim, Filip"]
[Black "Niedbala, Bartlomiej"]
[Result "0-1"]
[WhiteTitle "I++"]
[BlackTitle "FM"]
[WhiteElo "1897"]
[BlackElo "2348"]

1. e4 c6 2. d4 d5 3. Nc3 dxe4 4. Nxe4 Nf6 5. Nxf6+ exf6 6. c3 Bd6 7. Bd3 O-O 8.
Ne2 Re8 9. O-O Nd7 10. Bf4 Nf8 11. Bxd6 Qxd6 12. Qc2 f5 13. f4 g6 14. b4 Nd7 15.
Rae1 Nf6 16. Qd2 b5 17. Nc1 Rxe1 18. Rxe1 a5 19. bxa5 Be6 20. Nb3 Bxb3 21. axb3
Rxa5 22. g3 b4 23. Qb2 bxc3 24. Qxc3 Rd5 25. Rc1 Rxd4 26. Be2 Rd2 27. Qxc6 Qd4+
28. Kf1 Qb2 29. Re1 Kg7 30. Qf3 h5 31. Qe3 Nd5 32. Qe5+ Qxe5 33. fxe5 Ne3+ 34.
Kf2 Ng4+ 35. Kg1 Nxe5 36. Bxh5 Kf6 37. Be2 Rb2 38. Bd1 Rb1 39. Kg2 Nd3 40. Rh1
Rb2+ 41. Kf3 Nf2 42. Re1 Nxd1 43. Rxd1 Rxh2 44. Rd7 Rb2 45. Rb7 g5 46. Rb6+ Kg7
47. b4 Rb3+ 48. Kg2 f6 49. Rb7+ Kg6 50. b5 Kh5 51. Rb6 Kg4 52. Rxf6 Rxb5 53. Kf2
Rb2+ 54. Ke3 Rb3+ 55. Kf2 Rf3+ 56. Ke2 Rxg3 57. Kf2 Ra3 0-1

[Event "Indywidualne Mistrzostwa Polski do lat 20"]
[Site "Pokrzywna"]
[Date "1899-12-30"]
[Round "1.13"]
[White "Godzwon, Iwo"]
[Black "Jedrusik, Adam"]
[Result "1-0"]
[WhiteTitle "FM"]
[BlackTitle "I"]
[WhiteElo "2347"]
[BlackElo "1891"]

1. e4 c6 2. d4 d5 3. e5 Bf5 4. Nd2 e6 5. Nb3 Nd7 6. Nf3 Ne7 7. Be2 h6 8. O-O Nc8
9. Ne1 Ncb6 10. Bd3 Bxd3 11. Nxd3 Nc4 12. Re1 Qb6 13. a4 a5 14. Nbc5 Qc7 15. Nxd7
Qxd7 16. b3 Nb6 17. Be3 Be7 18. Qg4 g6 19. Rec1 Kf8 20. c4 Qc7 21. Nf4 Qc8 22.
c5 Nd7 23. Nxg6+ fxg6 24. Qxg6 Bg5 25. f4 Rg8 26. Qxe6 Be7 27. Qxh6+ Ke8 28. Qh7
Rf8 29. f5 Nxe5 30. dxe5 Qxf5 31. Qxf5 Rxf5 32. Re1 Rxe5 33. Bd4 Rxe1+ 34. Rxe1
Kf7 35. g4 Rg8 36. h3 Bh4 37. Re5 1-0

[Event "Indywidualne Mistrzostwa Polski do lat 20"]
[Site "Pokrzywna"]
[Date "1899-12-30"]
[Round "1.14"]
[White "Dalkowski, Rafal"]
[Black "Chylewski, Patryk"]
[Result "0-1"]
[WhiteTitle "I"]
[BlackTitle "FM"]
[WhiteElo "1871"]
[BlackElo "2330"]

1. d4 Nf6 2. c4 e6 3. Nf3 Bb4+ 4. Bd2 Qe7 5. a3 Bxd2+ 6. Qxd2 b6 7. Nc3 Bb7 8.
g3 d6 9. Bg2 Nbd7 10. O-O O-O 11. b4 Ne4 12. Nxe4 Bxe4 13. Qc3 Rac8 14. Nd2 Bxg2
15. Kxg2 e5 16. dxe5 Nxe5 17. Nf3 Ng4 18. Rfe1 Rfe8 19. Rad1 Nf6 20. Nd4 Qd7 21.
Qf3 Re4 22. Qf5 Qe8 23. e3 Rd8 24. Qb5 Rd7 25. Nc6 Qa8 26. f3 a6 27. Qf5 Rxc4
28. Ne5 dxe5 29. Rxd7 Nxd7 30. Qxd7 Rc2+ 31. Kh3 g6 32. e4 Qf8 33. Qg4 Qh6+ 34.
Qh4 Qd2 0-1

[Event "Indywidualne Mistrzostwa Polski do lat 20"]
[Site "Pokrzywna"]
[Date "1899-12-30"]
[Round "1.15"]
[White "Karpus, Michal"]
[Black "Starosciak, Szymon"]
[Result "1/2-1/2"]
[WhiteTitle "FM"]
[BlackTitle "I"]
[WhiteElo "2311"]
[BlackElo "1864"]

1. e4 c5 2. Nf3 Nc6 3. d4 cxd4 4. Nxd4 Nf6 5. Nc3 d6 6. Bg5 e6 7. Qd2 a6 8. f4
Bd7 9. O-O-O Be7 10. Nf3 b5 11. Bxf6 gxf6 12. Kb1 Qb6 13. f5 O-O-O 14. g3 Kb8
15. fxe6 fxe6 16. Bh3 Na5 17. Nd4 b4 18. Nce2 e5 19. Bxd7 Rxd7 20. Nf5 Nc4 21.
Qd5 Rc8 22. Nc1 Bf8 23. Nb3 Rdc7 24. Rc1 a5 25. Nd2 a4 26. Nxc4 Rxc4 27. Rhe1
R4c5 28. Qd2 a3 29. b3 Rd8 30. Qf2 Qc6 31. Ne3 Qxe4 32. Qxf6 Rdc8 33. Nc4 Qc6
34. Rcd1 Rxc4 35. bxc4 Qxc4 36. Qf2 Qc3 37. Qb6+ Ka8 38. Qa6+ Kb8 39. Qb5+ Kc7
40. Qa5+ Kb8 41. Qb5+ Kc7 42. Qa5+ Kb8 43. Qb5+ 1/2-1/2

[Event "Indywidualne Mistrzostwa Polski do lat 20"]
[Site "Pokrzywna"]
[Date "1899-12-30"]
[Round "1.16"]
[White "Madajczak, Piotr"]
[Black "Baum, Jonasz"]
[Result "1-0"]
[WhiteTitle "I"]
[BlackTitle "IM"]
[WhiteElo "1829"]
[BlackElo "2308"]

1. c4 e6 2. Nc3 b6 3. e4 Bb7 4. Nf3 Bb4 5. Qc2 Ne7 6. Be2 O-O 7. O-O Bxc3 8. bxc3
f5 9. e5 Nbc6 10. d4 Na5 11. Ba3 Rc8 12. c5 Be4 13. Qc1 Bxf3 14. Bxf3 b5 15. Qc2
Nc4 16. Bc1 d6 17. cxd6 cxd6 18. exd6 Qxd6 19. Qb3 Nd5 20. a4 bxa4 21. Rxa4 Ncb6
22. c4 Nxa4 23. cxd5 Qa6 24. dxe6 Rfe8 25. Bf4 Nc3 26. Bb7 Ne2+ 27. Kh1 Ng3+ 28.
hxg3 Qxf1+ 29. Kh2 Qc4 30. Qf3 Rcd8 31. d5 Qc5 32. Bg5 h6 33. Bxd8 Rxd8 34. Qxf5
Qe7 35. Bc6 Rd6 36. Qe5 a5 37. Ba4 Kh8 38. Bc2 Kg8 39. Qe4 Kf8 40. Qh7 Ke8 41.
Ba4+ Kd8 42. Qg8+ Kc7 43. Qa8 Kb6 44. Qb8+ Kc5 45. Qb5+ Kd4 46. Bb3 Kc3 47. Qc4+
Kb2 48. Qc2+ Ka3 49. Qc3 Qb7 50. Bc4+ Ka4 51. e7 1-0

[Event "Indywidualne Mistrzostwa Polski do lat 20"]
[Site "Pokrzywna"]
[Date "1899-12-30"]
[Round "1.17"]
[White "Seemann, Jakub"]
[Black "Topola, Rafal"]
[Result "1-0"]
[WhiteTitle "FM"]
[BlackTitle "I"]
[WhiteElo "2306"]
[BlackElo "1827"]

1. d4 d5 2. c4 e6 3. Nc3 Be7 4. Nf3 Nf6 5. Bg5 h6 6. Bh4 O-O 7. Qc2 b6 8. cxd5
exd5 9. e3 Bb7 10. Bd3 c5 11. Ne5 Nbd7 12. f4 Nxe5 13. dxe5 Nd7 14. Bxe7 Qxe7
15. O-O-O f6 16. Bh7+ Kh8 17. Nxd5 Bxd5 18. Rxd5 fxe5 19. Rhd1 Nf6 20. Rxe5 Qf7
21. Bg6 Qxa2 22. Qd3 Qa1+ 23. Kc2 Qa4+ 24. Kb1 Rac8 25. Re7 b5 26. Qc2 Qa5 27.
Qd2 b4 28. Rb7 Rfd8 29. Qe2 Rxd1+ 30. Qxd1 Rd8 31. Qb3 Qa6 32. Qf7 Rd1+ 33. Kc2
Qe2+ 34. Kb3 Qxe3+ 35. Ka4 Ra1+ 36. Kb5 Qe2+ 37. Kc6 Qa6+ 38. Kc7 Nd5+ 39. Qxd5
Ra3 1-0

[Event "Indywidualne Mistrzostwa Polski do lat 20"]
[Site "Pokrzywna"]
[Date "1899-12-30"]
[Round "1.18"]
[White "Stachecki, Mikolaj"]
[Black "Klimkowski, Jan"]
[Result "0-1"]
[WhiteTitle "I+"]
[BlackTitle "FM"]
[WhiteElo "1822"]
[BlackElo "2305"]

1. e4 c5 2. Nf3 d6 3. d4 cxd4 4. Nxd4 Nf6 5. Nc3 a6 6. Be3 e5 7. Nf3 Qc7 8. a4
Be6 9. a5 Qc6 10. Ng5 d5 11. exd5 Bxd5 12. Nxd5 Nxd5 13. Bd2 h6 14. Nf3 Bd6 15.
g3 O-O 16. Bg2 Nd7 17. O-O N7f6 18. c3 Rad8 19. Qa4 Qc8 20. Rfe1 e4 21. Nd4 Rfe8
22. c4 Ne7 23. Be3 Bc5 24. Nc2 Ng6 25. b4 Bxe3 26. Nxe3 Ne5 27. c5 Rd4 28. Qb3
Red8 29. Red1 Nd3 30. Nc4 Qe6 31. Nd2 Ne5 32. Qc2 Qd7 33. Ra2 Nf3+ 34. Bxf3 exf3
35. Ra3 Ne4 0-1

[Event "Indywidualne Mistrzostwa Polski do lat 20"]
[Site "Pokrzywna"]
[Date "1899-12-30"]
[Round "1.19"]
[White "Sernecki, Franciszek"]
[Black "Sowinski, Pawel"]
[Result "0-1"]
[WhiteTitle "FM"]
[BlackTitle "I++"]
[WhiteElo "2266"]
[BlackElo "1767"]

1. d4 Nf6 2. c4 b6 3. Nf3 Bb7 4. g3 e6 5. Bg2 Bb4+ 6. Bd2 Bxd2+ 7. Nbxd2 O-O 8.
O-O d5 9. cxd5 Bxd5 10. Qc2 Nbd7 11. e4 Bb7 12. e5 Nd5 13. Ne4 h6 14. a3 a5 15.
Rfc1 Rc8 16. Ne1 Qe7 17. Qb3 Rfd8 18. Rc2 Ba8 19. Nd3 Nb8 20. Qa4 Qd7 21. Qxd7
Rxd7 22. b4 Nc6 23. Rc4 b5 24. Rc5 Nxd4 25. Nd2 a4 26. Kh1 Nb6 27. Bxa8 Rxa8 28.
Nf4 Nc4 29. Nxc4 Nb3 30. Rxb5 Nxa1 31. Na5 Nc2 32. Nc6 Nxa3 33. Ra5 Rxa5 34. bxa5
Nb5 35. a6 a3 0-1

[Event "Indywidualne Mistrzostwa Polski do lat 20"]
[Site "Pokrzywna"]
[Date "1899-12-30"]
[Round "1.20"]
[White "Wasik, Mateusz"]
[Black "Chyzy, Jakub"]
[Result "0-1"]
[WhiteTitle "I"]
[BlackTitle "FM"]
[WhiteElo "1765"]
[BlackElo "2250"]

1. e4 e5 2. Nf3 Nc6 3. Bc4 Nf6 4. d3 Be7 5. O-O O-O 6. Re1 d6 7. a4 Kh8 8. a5 a6
9. Bd2 Ng8 10. Nc3 f5 11. Nd5 f4 12. d4 Bg4 13. dxe5 dxe5 14. b4 Nd4 15. Bc3 Nxf3+
16. gxf3 Bh3 17. Bf1 Bxf1 18. Rxf1 Bd6 19. Kh1 Qh4 20. Qe2 c6 21. Nb6 Rf6 22.
Rg1 Rh6 23. Rg2 Re8 24. Rag1 Ree6 25. Nc4 Rh5 26. Nxd6 Rxd6 27. Bxe5 Rxe5 28.
Rxg7 Rg6 29. R7xg6 hxg6 30. Rxg6 Rg5 31. Rxg5 Qxg5 32. Qd3 Qf6 33. Kg2 Nh6 34.
Qd7 Qf7 35. Qd6 Kg7 36. Qe5+ Kg6 37. Kh3 Ng8 38. Kg4 Nh6+ 39. Kh3 Qd7+ 40. Kh4
Qd8+ 41. Kh3 Qf6 42. Qe8+ Nf7 43. Qg8+ Kh6 44. Qf8+ Kh7 45. Qc8 Qh6+ 46. Kg2 Qg5+
47. Kh3 Qh5+ 48. Kg2 Ne5 49. Qh3 Kh6 50. Qe6+ Qg6+ 51. Qxg6+ Kxg6 52. Kh3 Kg5
53. Kg2 Kh5 54. h3 Kh4 55. Kf1 Kxh3 56. Ke2 Kg2 0-1

[Event "Indywidualne Mistrzostwa Polski do lat 20"]
[Site "Pokrzywna"]
[Date "1899-12-30"]
[Round "1.21"]
[White "Ochedzan, Tymon"]
[Black "Haliniak, Wojciech"]
[Result "1-0"]
[WhiteTitle "CM"]
[BlackTitle "I"]
[WhiteElo "2246"]
[BlackElo "1764"]

1. e4 Nf6 2. e5 Nd5 3. Nc3 Nxc3 4. dxc3 d6 5. Bf4 Nc6 6. Bb5 Bd7 7. Qe2 a6 8. Bd3
Nxe5 9. Bxe5 dxe5 10. Qxe5 Bc6 11. Be4 Qd6 12. Bxc6+ Qxc6 13. O-O-O f6 14. Qe2
e5 15. f4 Bd6 16. fxe5 fxe5 17. Nf3 O-O-O 18. Ng5 Rd7 19. Rhf1 Kb8 20. Rf3 h6
21. Ne4 Rhd8 22. Rfd3 Be7 23. a3 Rd5 24. Kb1 Qb5 25. Ka1 c6 26. Ng3 Bf6 27. Qe4
Rxd3 28. Rxd3 Rxd3 29. cxd3 Qd5 30. Qe2 Kc7 31. Kb1 Qe6 32. Qf3 g6 33. Ne4 Be7
34. g4 Kd7 35. h3 Ke8 36. Qe3 h5 37. gxh5 gxh5 38. Qf3 Qf7 39. Qg3 Qf4 40. Qg8+
Kd7 41. Qb8 Qf1+ 42. Ka2 Qxd3 43. Qxb7+ Ke6 44. Qxc6+ Kf5 45. Nf2 Qe2 46. Qd7+
Kf6 47. Nd3 Qf3 48. Nxe5 Qe4 49. Nd3 Qc4+ 50. Kb1 Bxa3 51. bxa3 Qb3+ 52. Nb2 Qxa3
53. Qd4+ Kf5 54. Kc2 a5 55. Qd5+ Kg6 56. Qe4+ Kh6 57. h4 Qd6 58. Nd3 Qh2+ 59.
Kb3 Qb8+ 60. Ka4 Qc7 61. Qf4+ 1-0

[Event "Indywidualne Mistrzostwa Polski do lat 20"]
[Site "Pokrzywna"]
[Date "1899-12-30"]
[Round "1.22"]
[White "Warchol, Kamil"]
[Black "Suder, Jakub"]
[Result "0-1"]
[WhiteTitle "CM"]
[BlackTitle "k"]
[WhiteElo "1755"]
[BlackElo "2239"]

1. e4 c5 2. Nf3 Nc6 3. Bb5 Nf6 4. e5 Nd5 5. Nc3 Nc7 6. Bxc6 dxc6 7. h3 g6 8. O-O
Bg7 9. d3 O-O 10. Re1 Ne6 11. Ne4 Qc7 12. Neg5 h6 13. Nxe6 Bxe6 14. Bf4 Rad8 15.
Qe2 Kh7 16. Nd2 Qd7 17. Bg3 Qd4 18. b3 Bf5 19. Nf3 Qc3 20. Qd2 Qb4 21. Qxb4 cxb4
22. a3 bxa3 23. Rxa3 a6 24. Bf4 g5 25. Bd2 Rd5 26. Bc3 Rfd8 27. Re2 Bf8 28. Ra4
Kg6 29. Nd2 Rc5 30. Rc4 Rxc4 31. Nxc4 Be6 32. Ne3 Bg7 33. Kf1 h5 34. g4 hxg4 35.
hxg4 f6 36. exf6 Bxf6 37. Bxf6 exf6 38. f3 a5 39. Kg2 b5 40. Nd1 Kf7 41. Nc3 Ra8
42. Nb1 Ke7 43. Re1 a4 44. bxa4 bxa4 45. Na3 Kd6 46. Rb1 Kc7 47. Rb4 c5 48. Rb5
Kc6 49. Kf2 Bd7 50. Kg2 Ra7 51. Kf2 Ra6 52. Rb8 Kc7 53. Rb1 Rb6 54. Rxb6 Kxb6
55. Ke3 Kc6 56. Ke4 Kd6 57. Ke3 Be6 58. Nb1 Kc6 59. c3 Bf7 60. Na3 Bg6 61. Nc4
Bf7 62. Na3 Bd5 63. Nb1 Kd6 64. Na3 Ke6 65. Nb1 f5 66. gxf5+ Kxf5 67. Na3 Bb3
68. Nb1 Kg6 69. Na3 Kh5 70. Nb5 Kh4 71. Kf2 Bc2 72. d4 cxd4 73. cxd4 Bb3 74. Na3
Bd5 75. Nb5 Kh5 76. Kg3 Be6 77. Na3 Kg6 78. Nb5 Kf6 79. Kf2 Bd7 80. Na3 Ke6 81.
Ke3 Bc6 82. Nb1 Kd6 83. Nc3 a3 84. d5 Bd7 85. Kd4 Ke7 86. Kc4 Ba4 87. Kb4 Bd1
88. Kxa3 Bxf3 89. Nb1 g4 90. Nd2 Bxd5 91. Nf1 Ke6 92. Kb2 Bc4 93. Ne3 g3 94. Kc3
Bb5 95. Kd2 Ke5 96. Ke1 Ke4 97. Ng2 Ba6 98. Nh4 Kf4 99. Ng2+ Kg4 100. Ne3+ Kg5
101. Ng2 Bd3 102. Ne3 Kf4 103. Ng2+ Kg4 104. Kd2 Bf1 105. Ne3+ Kf4 106. Nd5+ Kf3
107. Ne3 Bh3 108. Nc2 Bf5 109. Ne3 Be4 110. Nc4 g2 111. Ne5+ Kg3 0-1

[Event "Indywidualne Mistrzostwa Polski do lat 20"]
[Site "Pokrzywna"]
[Date "1899-12-30"]
[Round "1.23"]
[White "Kokoszczynski, Jan"]
[Black "Kocierz, Pawel"]
[Result "1-0"]
[WhiteTitle "FM"]
[BlackTitle "II"]
[WhiteElo "2221"]
[BlackElo "1701"]

1. d4 Nf6 2. c4 g6 3. Nc3 d5 4. cxd5 Nxd5 5. e4 Nxc3 6. bxc3 Bg7 7. Qa4+ c6 8.
Nf3 O-O 9. Be2 Nd7 10. O-O e5 11. Rd1 exd4 12. cxd4 Nb6 13. Qc2 Bg4 14. Be3 Qe7
15. h3 Bxf3 16. Bxf3 Rfe8 17. Rab1 Rad8 18. a4 Nc8 19. Qb3 Nd6 20. e5 Nf5 21.
Qxb7 Nxe3 22. Qxe7 Rxe7 23. fxe3 Bh6 24. Kf2 c5 25. Rb3 Red7 26. Rbd3 cxd4 27.
exd4 Rc7 28. d5 Bf4 29. e6 fxe6 30. dxe6 Rxd3 31. Rxd3 Kf8 32. Bd5 Ke7 33. Bb3
Be5 34. Ke2 Kf6 35. Rf3+ Ke7 36. Rf1 Kd6 37. Rf8 Ke7 38. Ra8 Kd6 39. Kd2 Rb7 40.
Bc4 Kc5 41. Rc8+ Kb4 42. Bb5 Re7 43. Bd7 h6 44. Kd3 Bd6 45. Ke4 Rg7 46. Kd5 Be7
47. Rh8 Bg5 48. Rf8 a5 49. Rf7 Rxf7 50. exf7 Be7 51. Bb5 g5 52. Ke6 Bc5 53. Kd7
h5 54. Ke8 g4 55. hxg4 hxg4 56. f8=R Bxf8 57. Kxf8 1-0

[Event "Indywidualne Mistrzostwa Polski do lat 20"]
[Site "Pokrzywna"]
[Date "1899-12-30"]
[Round "1.24"]
[White "Ochedzan, Filip"]
[Black "Redzisz, Michal"]
[Result "0-1"]
[WhiteTitle "II"]
[BlackTitle "k"]
[WhiteElo "1617"]
[BlackElo "2212"]

1. e4 c5 2. Nf3 Nc6 3. d4 cxd4 4. Nxd4 g6 5. c4 Bg7 6. Be3 Nf6 7. Nc3 O-O 8. f3
d6 9. Be2 Bd7 10. Qd2 Nxd4 11. Bxd4 Bc6 12. O-O Nd7 13. Bxg7 Kxg7 14. Qd4+ Kg8
15. Nd5 Bxd5 16. cxd5 Qb6 17. Qxb6 Nxb6 18. Rac1 Rfc8 19. b3 a5 20. Bb5 Kg7 21.
Kf2 Kf6 22. Ke3 e6 23. Kd4 e5+ 24. Ke3 Ke7 25. f4 exf4+ 26. Kxf4 f6 27. Ke3 Rc5
28. Rxc5 dxc5 29. Rc1 Kd6 30. a4 Rc8 31. Kf4 Rc7 32. g4 Re7 33. Re1 Nxd5+ 34.
Kf3 f5 35. Bc4 fxe4+ 36. Rxe4 Re5 37. h4 h6 38. Bd3 g5 39. h5 Nf6 40. Rxe5 Kxe5
41. Bc4 Kd4 42. Bb5 Ne4 43. Be2 Nd2+ 44. Kg3 Nxb3 45. Kf3 c4 46. Bd1 Na1 47. Ke2
c3 48. Ke1 c2 49. Bxc2 Nxc2+ 50. Kd2 Ne3 0-1

[Event "Indywidualne Mistrzostwa Polski do lat 20"]
[Site "Pokrzywna"]
[Date "1899-12-30"]
[Round "1.25"]
[White "Fiedorek, Michal"]
[Black "Karut, Kacper"]
[Result "1-0"]
[WhiteTitle "FM"]
[BlackTitle "I"]
[WhiteElo "2176"]
[BlackElo "1607"]

1. d4 d5 2. c4 e6 3. Nf3 Nf6 4. g3 b6 5. Bg2 Bb7 6. O-O Bd6 7. Qc2 Nbd7 8. Rd1
O-O 9. Nc3 Rc8 10. cxd5 Nxd5 11. Nb5 a6 12. Nxd6 cxd6 13. Qb3 N7f6 14. Bd2 Qd7
15. Ne1 b5 16. e4 Nb6 17. Qd3 Nc4 18. Bc1 Rc7 19. b3 Nb6 20. Bd2 Rcc8 21. Bb4
Ne8 22. Qe2 Kh8 23. Nd3 Rg8 24. Qe3 Na8 25. Qf4 f6 26. Bh3 Nac7 27. d5 Bxd5 28.
exd5 Nxd5 29. Qf3 Nec7 30. Ba5 Rge8 31. Rac1 Qf7 32. Rc6 Rcd8 33. Rdc1 Re7 34.
Nf4 Nxf4 35. Qxf4 Nd5 36. Qd2 Rdd7 37. Rxa6 g6 38. Ra8+ Re8 39. Rxe8+ Qxe8 40.
Qh6 b4 41. Bxe6 1-0